| 000 | 00334nam a22001337a 4500 | ||
|---|---|---|---|
| 008 | 250416b |||||||| |||| 00| 0 eng d | ||
| 020 | _a0333268709 | ||
| 050 |
_aHD7391 _b.H68 |
||
| 100 | _aMURISON, H . S | ||
| 245 | _aHousing in Third World Countries | ||
| 260 |
_aLondon _bMacmillan Press Ltd. _c1979 |
||
| 300 | _a182p. | ||
| 942 | _cBK | ||
| 999 |
_c3031 _d3031 |
||